000 00394nam a2200121 4500
999 _c10539
_d10539
008 180905b ||||| |||| 00| 0 eng d
100 _930907
_aCahiles-Magkilat, Bernie
245 _aBPO firms raise security, safety issues in PH/
_cBernie Cahiles-Magkilat
260 _aPhilippines
_bManila Bulletin
_cc2017
300 _apage B-5.
650 0 _930908
_aInformation technology.
942 _2ddc
_cPER